Marketing

Bibliographic Details
Main Authors: Martin, Claude, 1955- (Author), Kita, Jaroslav, 1949-2026 (Author)
Format: Book
Language:French
PhysicalDescription:298 s. tab. 21 cm
Published: Bratislava Ekonóm 1999
ISBN:8022511129
Subjects:

MARC

LEADER 00000nam a2200000 a 4500
001 vtls001365679
003 SK-MaSNL
005 20260428044127.0
008 240509s1999 xo ap r yy fre
015 |a SNBA1999/08-02962 
020 |a 8022511129  |c 120,00 Sk 
035 |a SNK000319334 
035 |a urn:nbn:sk:snk-amkjlj 
035 |a urn:nbn:sk:snk-am008hwp 
035 |a F422E8F2-CA1E-4F0C-BBF6-8D25CFA2EB02 
040 |a SNK  |b slo  |c SNK  |e AACR2 
041 0 |a fre 
044 |a xo  |c SK 
080 |a 339.13(075.8)=40  |2 1981 
100 1 |a Martin, Claude,  |d 1955-  |4 aut  |9 528733 
245 1 0 |a Marketing  |c Claude Martin, Jaroslav Kita 
260 |a Bratislava  |b Ekonóm  |c 1999 
300 |a 298 s.  |b tab.  |c 21 cm 
500 |a 200 výt. 
504 |a Bibliogr. s. 283-287 
650 0 7 |a marketing  |2 SNK  |9 2299 
655 7 |a Textbooks (higher)  |2 SNKPHeng  |9 276436 
655 7 |a učebnice vysokých škôl  |2 SNKPH  |9 70191 
655 7 |a učebnice  |2 SNK  |9 22521 
700 1 |a Kita, Jaroslav,  |d 1949-2026  |4 aut  |9 204778 
919 |a 80-225-1112-9 
958 |a TL 
958 |a UV 
958 |a NB 
999 |c 1026558  |d 1028488 
952 |t P60, <03>, [BOOK], {603}  |a SNK  |b SNK  |y PREZ  |7 0  |p 17A0197248  |o snkSC 98924  |i snkKSP 6632/99  |0 0  |1 0  |4 0  |d 1999-06-15  |f 1  |l 0  |r 2025-09-18 00:00:00  |w 2026-02-24 
952 |t P60, <04>, [BOOK], {604}  |a SNK  |b SNK  |y VYP  |7 0  |p 17A0197249  |o snkSC 98924 D1  |i snkKSP 6633/99  |0 0  |1 0  |4 0  |d 1999-06-15  |l 1  |m 1  |r 2026-03-19 15:12:30  |s 2026-02-28  |w 2026-02-24 
952 |t P60, <04>, [BOOK], {604}  |a SNK  |b SNK  |y VYP  |7 0  |p 17A0222590  |o snkSC 98924 D2  |i snkK 1288/99  |0 0  |1 0  |4 0  |d 1999-12-20  |l 0  |r 2005-01-02 00:00:00  |w 2026-02-24